El corsario negro / (Registro nro. 37797)

Detalles MARC
000 -CABECERA
Longitud fija campo de control 00615nam a2200193 4500
003 - • IDENTIFICADOR DELl NÚMERO DE CONTROL
Identificador del número de control CO-ViMGA
020 ## - • NÚMERO INTERNACIONAL NORMALIZADO PARA LIBROS
Número Internacional Normalizado para Libros (ISBN) 978-958-8826-19-6
040 ## - FUENTE DE LA CATALOGACIÓN
Centro catalogador de origen CO-ViMGA
Lengua de catalogación spa
Centro transcriptor CO-ViMGA
082 04 - • NÚMERO DE LA CLASIFICACIÓN DECIMAL DEWEY
Número de clasificación (R) 853.8
Número del ítem S15c
100 1# - • PUNTO DE ACCESO PRINCIPAL-NOMBRE DE PERSONA
Nombre de persona Salgari, Emilio,
Fechas asociadas al nombre 1862-1911
245 10 - • TITULO PROPIAMENTE DICHO
Título El corsario negro /
Mención de responsabilidad, etc. Emilio Salgari
300 ## - • DESCRIPCIÓN FÍSICA
Extensión 95 p. : il. ;
Otras características físicas 22 cm
490 ## - • MENCIÓN DE SERIE
Mención de serie Colección obra literarias universales ;
Designación de volumen o secuencia 19
500 ## - • NOTA GENERAL
Nota general Contiene datos biográficos del autor
650 14 - • PUNTO DE ACCESO ADICIONAL DE MATERIA - TÉRMINO DE MATERIA
Término de materia o nombre geográfico como elemento inicial Libros ilustrados para niños
650 14 - • PUNTO DE ACCESO ADICIONAL DE MATERIA - TÉRMINO DE MATERIA
Término de materia o nombre geográfico como elemento inicial Novela italiana
Subdivisión cronológica Siglo XIX
942 ## - ENTRADA DE ELEMENTOS AGREGADOS (KOHA)
Fuente de clasificaión o esquema Dewey Decimal Classification
Koha [por defecto] tipo de item LIbro
Existencias
Perdido Fuente de clasificación o esquema Estado Físico No para préstamo Forma de adquisición Localización permanente Localización actual Fecha adquisición Préstamos totales Signatura completa Código de barras Fecha última consulta Número de copia Fecha del precio de reemplazo Tipo de item de Koha
  Dewey Decimal Classification     Sala General Segundo Piso Biblioteca Pública Germán Arciniegas - Villavicencio Biblioteca Pública Germán Arciniegas - Villavicencio 03/14/2017   853.8 S15c 031578 03/14/2017 Ej. 1 03/14/2017 LIbro
  Dewey Decimal Classification     Sala General Segundo Piso Biblioteca Pública Germán Arciniegas - Villavicencio Biblioteca Pública Germán Arciniegas - Villavicencio 03/14/2017   853.8 S15c 031579 03/14/2017 Ej. 2 03/14/2017 LIbro
  Dewey Decimal Classification     Sala General Segundo Piso Biblioteca Pública Germán Arciniegas - Villavicencio Biblioteca Pública Germán Arciniegas - Villavicencio 03/14/2017   853.8 S15c 031580 03/14/2017 Ej. 3 03/14/2017 LIbro
  Dewey Decimal Classification     Sala General Segundo Piso Biblioteca Pública Germán Arciniegas - Villavicencio Biblioteca Pública Germán Arciniegas - Villavicencio 03/14/2017   853.8 S15c 031581 03/14/2017 Ej. 4 03/14/2017 LIbro
  Dewey Decimal Classification     Sala General Segundo Piso Biblioteca Pública Germán Arciniegas - Villavicencio Biblioteca Pública Germán Arciniegas - Villavicencio 03/14/2017   853.8 S15c 031582 03/14/2017 Ej. 5 03/14/2017 LIbro
  Dewey Decimal Classification     Sala General Segundo Piso Biblioteca Pública Germán Arciniegas - Villavicencio Biblioteca Pública Germán Arciniegas - Villavicencio 03/14/2017   853.8 S15c 031583 03/14/2017 Ej. 6 03/14/2017 LIbro
  Dewey Decimal Classification     Sala General Segundo Piso Biblioteca Pública Germán Arciniegas - Villavicencio Biblioteca Pública Germán Arciniegas - Villavicencio 03/14/2017   853.8 S15c 031584 03/14/2017 Ej. 7 03/14/2017 LIbro
  Dewey Decimal Classification     Sala General Segundo Piso Biblioteca Pública Germán Arciniegas - Villavicencio Biblioteca Pública Germán Arciniegas - Villavicencio 03/14/2017   853.8 S15c 031585 03/14/2017 Ej. 8 03/14/2017 LIbro









Instituto Departamental de Cultura del Meta - Red Departamental de Bibliotecas Públicas del Meta.